| 000 | 00701nam a22002177a 4500 | ||
|---|---|---|---|
| 003 | DO-SdBNP | ||
| 005 | 20180216093248.0 | ||
| 008 | 161213b 2000 sp |||| |||| 00| 0 spa d | ||
| 020 | _a9788434856646 | ||
| 040 |
_aBPMSU _bspa _cBPMSU |
||
| 100 | 1 | _aReviejo, Carlos | |
| 245 | 1 |
_aCanto y cuento : _bantología poética para niños / _cCarlos Reviejo, Eduardo Soler. |
|
| 250 | _a5a ed. | ||
| 260 |
_aMadrid, España : _bEdiciones S. M., _c2000. |
||
| 300 |
_a236 p. : _bil., _c28 cm. |
||
| 586 | _aPremio nacional al libro mejor editado 1997 en la modalidad infantil | ||
| 700 | 1 | _aSoler, Eduardo | |
| 942 |
_2ddc _cBK |
||
| 945 | _aInventariado, 2018 /LP | ||
| 956 |
_aBTAVÁREZ _b10 _c20161213 _hBPMSU |
||
| 999 |
_c12409 _d12409 |
||